Länder mit der geringsten Einwohnerzahl - Statistiken

Allgemein
  • Dieses Quiz wurde 101 mal gespielt
  • Das Durchschnittsergebnis liegt bei 7 aus 10
Antwortstatistiken
Hint Antwort % Korrekt
ca. 800 Einwohner Vatikan
98%
ca. 34.000 Einwohner San Marino
90%
ca. 39.000 Einwohner Liechtenstein
89%
ca. 39.000 Einwohner Monaco
83%
ca. 12.000 Einwohner Nauru
75%
ca. 11.000 Einwohner Tuvalu
72%
ca. 18.000 Einwohner Palau
69%
ca. 41.000 Einwohner Marshallinseln
65%
ca. 72.000 Einwohner Dominica
53%
ca. 47.000 Einwohner Saint Kitts und Nevis
6%
Keine übereinstimmenden Quizze gefunden
Verteilung der Resultate
Anzahl Personen mit jedem Resultat
Perzentil nach korrekt beantworteten Fragen
Ihre Resultats-Entwicklung
Sie haben dieses Quiz noch nicht gespielt